(Registro nro. 2218)

Detalles MARC
000 -CABECERA
campo de control de longitud fija 00671ngm a22002294a 4500
003 - IDENTIFICADOR DEL NÚMERO DE CONTROL
campo de control AR-RoIUNI
005 - FECHA Y HORA DE LA ÚLTIMA TRANSACCIÓN
campo de control 20160623101145.0
008 - DATOS DE LONGITUD FIJA--INFORMACIÓN GENERAL
campo de control de longitud fija 150618s19752000xx 00 zlund d
040 ## - FUENTE DE LA CATALOGACIÓN
Centro/agencia transcriptor
080 ## - NÚMERO DE LA CLASIFICACIÓN DECIMAL UNIVERSAL
Número de la Clasificación Decimal Universal .
245 00 - MENCIÓN DE TÍTULO
Título Quills /
Mención de responsabilidad, etc. [Philip Kaufman].
260 ## - PUBLICACIÓN, DISTRIBUCIÓN, ETC. (PIE DE IMPRENTA)
Fecha de publicación, distribución, etc. 2000
300 ## - DESCRIPCIÓN FÍSICA
Extensión 1 dvd
500 ## - NOTA GENERAL
Nota general Archivo de audio y video .avi
505 0# - NOTA DE CONTENIDO CON FORMATO
Título Quills /
Mención de responsabilidad Philip Kaufman.
Título Sade /
Mención de responsabilidad Benoît Jacquot.
Título Saló, ó, Los 120 días de Sodoma /
Mención de responsabilidad Pier Paolo Pasolini.
600 0# - PUNTO DE ACCESO ADICIONAL DE MATERIA--NOMBRE DE PERSONA
Nombre de persona Marqués de Sade,
Fechas asociadas al nombre 1740-1814‏
Subdivisión general BIOGRAFÍA
650 #4 - PUNTO DE ACCESO ADICIONAL DE MATERIA--TÉRMINO DE MATERIA
Término de materia o nombre geográfico como elemento inicial PSICOLOGÍA
650 #4 - PUNTO DE ACCESO ADICIONAL DE MATERIA--TÉRMINO DE MATERIA
Término de materia o nombre geográfico como elemento inicial DRAMA
740 02 - PUNTO DE ACCESO ADICIONAL--TÍTULO RELACIONADO O ANALÍTICO NO CONTROLADO
Título relacionado o analítico no controlado Sade
740 02 - PUNTO DE ACCESO ADICIONAL--TÍTULO RELACIONADO O ANALÍTICO NO CONTROLADO
Título relacionado o analítico no controlado Saló, ó, los 120 días de Sodoma
942 ## - ELEMENTOS DE PUNTO DE ACCESO ADICIONAL (KOHA)
Tipo de ítem Koha Materiales Visuales
Fuente del sistema de clasificación o colocación Clasificación Decimal Universal
Existencias
Estado de retiro Estado de pérdida Fuente del sistema de clasificación o colocación Estado dañado Excepción de préstamo Localización permanente Ubicación/localización actual Ubicación en estantería Fecha de adquisición Número de inventario Total de préstamos Código de barras Fecha visto por última vez Precio válido a partir de Tipo de ítem Koha
    Clasificación Decimal Universal     DEPOSITO Biblioteca Riobamba DEPOSITO Biblioteca Central DEPOSITO Biblioteca Riobamba 18/06/2015 2588   2588 18/06/2015 18/06/2015 Materiales Visuales